000 00784nmm a2200253 a 4500
003 AR-BaBNM
005 20251128211700.0
008 015120s[197 ||||||||||||||000 | spa||
040 _cAR-BaBNM
100 1 _aMillán Mora, Luis Eduardo
245 1 0 _aLa investigación en la enseñanza
_blo que todo profesor debe saber para lograr los mejores resultados en la enseñanza
260 _aCali
_bEditorial Norma
_c[197?]
300 0 _a95 p.
504 _aContiene bibliografía p. 95
650 4 _aFORMACION DE DOCENTES
650 4 _aESCUELAS NORMALES
650 4 _aINVESTIGACION EN LA CLASE
650 4 _aMETODOLOGIA DE LA INVESTIGACION
651 4 _aColombia
653 0 _aINVESTIGACION EDUCATIVA
653 0 _aEDUCACION PRIMARIA
942 _cBK
998 _cme-solo cat
999 _c20695
_d20695